| 000 | 00414cam a2200169ua 4500 | ||
|---|---|---|---|
| 020 | _cRs 3.00 | ||
| 041 | 0 | _amal | |
| 082 |
_a894.812 308 _bKAN/NE |
||
| 100 | _aKanam, E J . | ||
| 245 |
_aNeelakuruvi / _cE J Kanam. _hTextual Documents |
||
| 250 |
_a1 / _b. |
||
| 260 |
_aKonni : _bVenus Press & Book Depot, , _c1960. |
||
| 300 | _a242 ; . | ||
| 365 | _aRs 3.00 | ||
| 942 | _cBK | ||
| 999 |
_c4100 _d4100 |
||